000 01477nam0a2200325 4500
001 RU\NLR\BIBL_A\011358007
005 20260406061929.0
010 _a9785209075967
_9500
021 _aRU
_b2017-15210
_91128
035 _a(RuMoRGB)008814998
035 _a(NLR Aleph) 011358007
090 _a11284466
_c11284466
100 _a20170403d2016 k y0rusy50 ca
101 0 _arus
102 _aRU
105 _a z 000z
200 1 _aЭкономическое развитие и структурные сдвиги в экономиках стран Персидского залива
_e(опыт Бахрейна)
_e[монография]
_fИ. А. З. Айдрус, Л. В. Шкваря
210 _aМосква
_cРоссийский ун-т дружбы народов
_d2016
215 _a304, [2] с.
_cил., цв. ил.
_d20
300 _aНа 4-й с. обл. авт.: И. А. З. Айдрус, к.э.н., доц., Л. В. Шкваря, д.э.н., проф.
320 _aБиблиогр. в подстроч. примеч.
607 _aБахрейн
_xНародное хозяйство
_92323859
_3RU\NLR\AUTH\661390116
686 _aУ9(5Бах)0,0
_2rubbk
686 1 _aУ03(5Бах)63
700 1 _7ca
_8rus
_aАйдрус
_bИ. А. З.
_gИрина Ахмед Зейн
_9121854
_3RU\NLR\AUTH\7712123
701 1 _aШкваря
_bЛ. В.
_gЛюдмила Васильевна
942 _cBOOK
980 _aNBR